| 000 | 00372cam a2200157ua 4500 | ||
|---|---|---|---|
| 041 |
_aeng _h |
||
| 082 |
_a330.2 _bHAR/EL |
||
| 100 | _aHarvey, J . | ||
| 245 |
_aElementary economics / _cJ Harvey. _hTextual Documents |
||
| 250 |
_a2 / _b. |
||
| 260 |
_aNewyork : _bSt.Martins Press , _c1965. |
||
| 300 | _a476 ; . | ||
| 504 | _a | ||
| 942 | _cBK | ||
| 999 |
_c11433 _d11433 |
||